| 000 | 00818nam a22002657a 4500 | ||
|---|---|---|---|
| 003 | DO-SdBPM | ||
| 005 | 20250829103154.0 | ||
| 007 | ta | ||
| 008 | 161031b19uu pe a 00| 0 spa d | ||
| 040 |
_aDO-SdBPM _bspa _cBPMSU _erda |
||
| 082 |
_a641.5985 _bL213n _222 |
||
| 100 | 1 |
_aLama C., Carlos E. _eautor |
|
| 245 | 1 | 0 |
_aManual práctico de la cocina peruana / _cCarlos E. Lama C. |
| 264 |
_a[Perú] : _b[sin editorial.], _c[190--]. |
||
| 300 |
_a87 páginas : _bilustraciones ; _c22 cm. |
||
| 336 |
_atexto _btxt _2rdacontent |
||
| 337 |
_asin mesiación _bn _2rdamedia |
||
| 338 |
_avolumen _bnc _2rdacarrier |
||
| 590 | _aInventariado, 2025/VM | ||
| 650 | 7 | _aCocina peruana. | |
| 650 | 7 | _aGastronomía peruana | |
| 650 | 7 | _aRecetario | |
| 910 | _aVMateo V. Control de calidad. BPMSU | ||
| 942 |
_2ddc _cBK |
||
| 999 |
_c13146 _d13146 |
||